000 00999nam a2200337Ia 4500
001 dia_1336
003 CHAP
005 20230126132041.0
008 220117s1981 xx 000 0 und d
010 _a171883
020 _a968-444-017-0
040 _cCHAP
082 _a660.63 Q56 1981
100 _aQuintero Ramírez, Rodolfo
_993432
245 _aIngeniería bioquímica : teoría y aplicaciones /
_c Rodolfo Quintero Ramírez
260 _aMéxico :
_b Alhambra,
_c1981
300 _a332 p.
503 _aC/e
504 _aIncluye bibliografías
590 _aTP248.3 Q56 1981
650 _aBiochemical engineering
_9150551
650 _aFermentación
_940083
650 _aFermentation
_9147635
650 _aIngeniería bioquímica
_958213
650 _aMicroorgánismos
_975519
650 _aMicroorganisms
_9150552
901 _a660.63 Q56 1981
902 _aM
905 _a5232271981 MX amn 8222223322SPA16
942 _cLIBRO
_2ddc
999 _c171883
_d171883